Paroles - Le sens de la vie - Tal - Statistiques

Statistiques générales
  • Ce quiz a été pris 1 239 fois
  • Le résultat moyen est 345 sur 386
Statistiques - réponses
Réponse % Correct
de
99%
De
99%
J'ai
99%
j'ai
99%
le
99%
me
99%
je
98%
98%
la
98%
qui
98%
se
98%
à
97%
a
97%
et
97%
que
97%
sens
97%
les
96%
trouvé
96%
vie
96%
pas
95%
y
95%
chaque
94%
mon
94%
sur
94%
un
94%
ce
93%
devant
93%
l'aime
93%
raison
93%
scène
93%
yeux
93%
mène
92%
m'entraîne
92%
ciel
91%
des
91%
fermé
91%
lumière
91%
Lumière
91%
suis
91%
bleu
90%
coeur
90%
était
90%
jour
90%
nouveau
90%
peu
90%
rien
90%
sans
90%
soleil
90%
même
89%
Même
89%
pareil
89%
projecteurs
89%
sous
89%
voir
89%
depuis
88%
n'est
88%
plus
88%
reveillée
88%
jamais
87%
réchauffe
87%
dormir
86%
n'ai
86%
voulu
86%
ma
85%
peur
85%
en
83%
mes
77%
fait
75%
mais
74%
une
74%
voie
74%
chanson
73%
chance
72%
d'où
72%
envol
72%
moi
72%
n'oublie
72%
paroles
72%
prends
72%
rappelle
72%
veux
72%
viens
72%
artificielle
71%
au
71%
d'une
71%
tiens
71%
briller
70%
C'est
70%
c'est
70%
d'enfance
70%
Tout
70%
fond
68%
toujours
68%
lève
67%
on
67%
quand
64%
sais
64%
il
62%
dans
61%
évidence
61%
avec
59%
contre-sens
59%
d'amour
59%
perd
59%
voix
58%
ça
57%
est
56%
étoile
56%
pour
56%
chemin
55%
nos
55%
rêves
54%
chante
52%
choses
52%
croit
51%
nous
51%
scintille
50%
guide
49%
voile
49%
l'ombre
42%
sors
42%
fascinante
40%
rend
38%
ambition
37%
notre
36%
n'fait
35%
lui
33%
peut-être
26%
Aucun quiz correspondant
Distribution des résultats
% des personnes avec chaque résultat
Percentile par nombre de réponses
Votre historique - résultats
Vous n’avez pas pris ce quiz